|
|
|
|
| LEADER |
00000nam0a2200000 4500 |
| 001 |
11699 |
| 005 |
20231101204804.0 |
| 035 |
|
|
|a (RuTPU)RU\TPU\book\11772
|
| 035 |
|
|
|a BOOK00011838
|
| 090 |
|
|
|a 11699
|
| 100 |
|
|
|a 20011209d1999 m y0engy50 ba
|
| 101 |
0 |
|
|a eng
|
| 102 |
|
|
|a RU
|
| 105 |
|
|
|a y j 000zy
|
| 200 |
1 |
|
|a Electrical Engineering Materials
|e Laboratory Guide
|f Tomsk Polytechnic University; Editors: A. N. Dudkin; O. S. Gefle; S. M. Lebedev
|
| 210 |
|
|
|a Tomsk
|c TPU Press
|d 1999
|
| 215 |
|
|
|a 50 p.
|
| 610 |
1 |
|
|a английский язык
|
| 610 |
1 |
|
|a учебные пособия
|
| 610 |
1 |
|
|a книги для чтения
|
| 610 |
1 |
|
|a хрестоматии
|
| 610 |
1 |
|
|a электротехнические материалы
|
| 610 |
1 |
|
|a диэлектрики
|
| 675 |
|
|
|a 537(075.8)
|v 3
|
| 675 |
|
|
|a 621.3(075.8)
|v 3
|
| 686 |
|
|
|a Ш143.21-923.8
|v LBC/SL-A
|2 rubbk
|
| 702 |
|
1 |
|a Dudkin
|b A. N.
|c specialist in the field of electrical engineering
|c Associate Professor of Tomsk Polytechnic University, candidate of technical sciences
|f 1945-
|g Anatoly Nikolaevich
|2 stltpush
|3 (RuTPU)RU\TPU\pers\35685
|4 340
|
| 702 |
|
1 |
|a Gefle
|b O. S.
|c physicist
|c Senior researcher of Tomsk Polytechnic University, Candidate of technical sciences
|f 1947-
|g Olga Semenovna
|2 stltpush
|3 (RuTPU)RU\TPU\pers\33671
|4 340
|
| 702 |
|
1 |
|a Lebedev
|b S. M.
|c physicist
|c Head of the laboratory of Tomsk Polytechnic University, Doctor of technical sciences
|f 1954-
|g Sergey Mikhailovich
|2 stltpush
|3 (RuTPU)RU\TPU\pers\34631
|4 340
|
| 712 |
0 |
2 |
|a Tomsk Polytechnic University
|2 stltpush
|3 (RuTPU)RU\TPU\col\452
|9 23443
|
| 801 |
|
0 |
|a RU
|b 63413507
|c 20011209
|g PSBO
|
| 801 |
|
2 |
|a RU
|b 63413507
|c 20170517
|g PSBO
|
| 942 |
|
|
|c BK
|